MARC

LEADER 00000nam0a2200000 4500
001 244924
005 20231101232107.0
010 |b 5000 экз. 
035 |a (RuTPU)RU\TPU\book\266319 
035 |a RU\TPU\book\263937 
090 |a 244924 
100 |a 20131030d1922 m y0rusy50 ca 
101 0 |a rus 
102 |a RU 
105 |a a j 000zy 
200 1 |a Курс петрографии  |e [учебное пособие]  |f В. И. Лучицкий 
205 |a 2-е дополненное и исправленное изд. 
210 |a Москва  |c Книжная помощь  |d 1922 
215 |a 341 с.  |c ил. 
317 |5 63413507: 180770  |a Поступила в НТБ в 1940 г. в составе книжной коллекции академика М. А. Усова. 
606 1 |a Петрография  |2 stltpush  |3 (RuTPU)RU\TPU\subj\48701  |9 67549 
610 1 |a методы исследования 
610 1 |a оптические методы 
610 1 |a микрохимический анализ 
610 1 |a методы разделения 
610 1 |a минералы 
610 1 |a породообразующие минералы 
610 1 |a горные породы 
610 1 |a учебные пособия 
610 1 |a библиотека М. А. Усова 
675 |a 552(07)  |v 3 
700 1 |a Лучицкий  |b В. И.  |c российский ученый  |c геолог-петрограф  |f 1877-1949  |g Владимир Иванович  |2 stltpush  |3 (RuTPU)RU\TPU\pers\13152  |9 3836 
801 1 |a RU  |b 63413507  |c 20130906 
801 2 |a RU  |b 63413507  |c 20160128  |g RCR 
942 |c BK